[Event "38th Olympiad w"]
[Site "Dresden GER"]
[Date "2008.11.13"]
[Round "1"]
[White "Skinke,K"]
[Black "Dedijer,S"]
[Result "1-0"]
[WhiteElo "2186"]
[BlackElo "2049"]
[EventDate "2008.11.13"]

1. e4 e6 2. d4 d5 3. Nc3 Nf6 4. Bg5 dxe4 5. Nxe4 Nbd7 6. Bd3 Be7 7. Bxf6
Nxf6 8. Nf3 Nxe4 9. Bxe4 c5 10. O-O Qc7 11. c3 Bd7 12. Qe2 Rb8 13. Rfd1
cxd4 14. Nxd4 a6 15. Bc2 O-O 16. Qe4 g6 17. Bb3 e5 18. Nf3 Bf6 19. Bd5 Bf5
20. Qe3 Rbd8 21. h3 Rfe8 22. Ng5 Re7 23. Rd2 h6 24. Ne4 Bxe4 25. Qxe4 Kg7
26. h4 h5 27. c4 b6 28. Rd3 Red7 29. Rf3 Rd6 30. Rd1 Qc5 31. Rdd3 a5 32.
Rg3 Qb4 33. b3 Bxh4 34. a3 f5 35. Qxe5+ Bf6 36. Qxf6+ Kxf6 37. axb4 axb4
38. Rge3 b5 39. Kf1 bxc4 40. Bxc4 Rxd3 41. Rxd3 Ra8 42. Rd6+ 1-0

[Event "38th Olympiad w"]
[Site "Dresden GER"]
[Date "2008.11.13"]
[Round "1"]
[White "Dedijer,M"]
[Black "Ni,V"]
[Result "0-1"]
[WhiteElo "1999"]
[BlackElo "2168"]
[EventDate "2008.11.13"]

1. e4 c5 2. c4 e6 3. Nc3 a6 4. Nge2 Nc6 5. g3 Ne5 6. Nf4 Qf6 7. Be2 g6 8.
d3 Bg7 9. Nh3 Qe7 10. Be3 Nc6 11. Bf1 d6 12. Bg2 Rb8 13. Qd2 b5 14. O-O b4
15. Ne2 h6 16. f4 e5 17. Kh1 Nf6 18. Nf2 Nd4 19. Bxd4 cxd4 20. Bh3 Bxh3 21.
Nxh3 Ng4 22. Nf2 Ne3 23. Rfc1 g5 24. f5 h5 25. Nd1 g4 26. Nxe3 Bh6 27. Rf1
Bxe3 28. Qd1 Qg5 29. Qa4+ Kf8 30. Qd7 Rh6 31. Qc7 Re8 32. c5 h4 33. Kg2
hxg3 34. hxg3 Rh2+ 0-1

[Event "38th Olympiad w"]
[Site "Dresden GER"]
[Date "2008.11.13"]
[Round "1"]
[White "Sanchez Castillo,S"]
[Black "Algildah,N"]
[Result "1/2-1/2"]
[WhiteElo "2206"]
[BlackElo "1951"]
[EventDate "2008.11.13"]

1. e4 c6 2. d4 d5 3. Nd2 dxe4 4. Nxe4 Bf5 5. Ng3 Bg6 6. h4 h6 7. f4 Qc7 8.
Nf3 Nd7 9. Bc4 e6 10. Qe2 O-O-O 11. Be3 Ngf6 12. O-O-O Nd5 13. Ne5 Nxe5 14.
dxe5 Qa5 15. Bb3 Be7 16. Bd2 Qc7 17. a3 Kb8 18. h5 Bh7 19. c4 Qb6 20. Bc2
Bxc2 21. Kxc2 Nc7 22. b4 Qa6 23. Kb2 Rd4 24. Kb3 Rhd8 25. Be3 Rxd1 26. Rxd1
b5 27. Rxd8+ Bxd8 28. c5 Qa4+ 29. Kb2 Nd5 30. Bd2 a5 31. Qd3 Qd1 32. Ne4
Bc7 33. Qf3 Qg1 34. Bc3 axb4 35. axb4 Ne3 36. g3 Nc4+ 37. Kc2 Ne3+ 38. Kd3
Nd5 39. Nd2 Kb7 40. Ke2 Qh2+ 41. Kf1 Nxc3 42. Qxc3 Qxh5 43. Kf2 g5 44. Qf3
Qg6 45. Ne4 g4 46. Qd3 Kb8 47. Ke3 Qh5 48. Qd7 Qh2 49. Qxc6 Qg1+ 50. Kd3
Qf1+ 51. Kd2 Qg2+ 52. Ke3 Qg1+ 53. Kd3 Qf1+ 1/2-1/2

[Event "38th Olympiad w"]
[Site "Dresden GER"]
[Date "2008.11.13"]
[Round "1"]
[White "Han Wong,Ir"]
[Black "Al Jelda,F"]
[Result "1-0"]
[WhiteElo "2098"]
[BlackElo "1857"]
[EventDate "2008.11.13"]

1. d4 e6 2. c4 Bb4+ 3. Bd2 Bxd2+ 4. Qxd2 Nf6 5. Nc3 O-O 6. e3 d6 7. Bd3
Nbd7 8. Nge2 e5 9. Ng3 exd4 10. exd4 Re8+ 11. Nce2 Nf8 12. O-O-O Ne6 13.
Kb1 c6 14. h4 a6 15. h5 Ng4 16. h6 Nxf2 17. Bxh7+ Kf8 18. d5 Nxh1 19. Rxh1
Qg5 20. hxg7+ Kxg7 21. Qc3+ Qe5 22. Nf5+ Kf8 23. Bg6 fxg6 24. Rh8+ Kf7 25.
Nxd6+ Qxd6 26. Rh7+ 1-0

[Event "38th Olympiad w"]
[Site "Dresden GER"]
[Date "2008.11.13"]
[Round "1"]
[White "Mir Mahmoud,A"]
[Black "Hernandez,Z"]
[Result "0-1"]
[WhiteElo "2024"]
[BlackElo "2039"]
[EventDate "2008.11.13"]

1. d4 d5 2. c4 c6 3. Nf3 Nf6 4. Nc3 a6 5. e3 b5 6. c5 Bg4 7. Be2 Nbd7 8.
Bd2 e6 9. b4 Qb8 10. O-O Be7 11. Qc2 Bxf3 12. Bxf3 e5 13. Rae1 O-O 14. Bd1
Re8 15. f4 exd4 16. exd4 Nf8 17. f5 Bd8 18. Rxe8 Nxe8 19. g4 Bc7 20. Bg5 a5
21. a3 axb4 22. axb4 Nd7 23. Bc1 Ra1 24. Rf2 Ra7 25. Qe2 Qd8 26. g5 Bb8 27.
Rf1 Nf8 28. Re1 Nc7 29. Bc2 Na6 30. Na2 Nxc5 31. Bb1 Ncd7 32. Qc2 Qb6 33.
Be3 Bd6 34. Bf2 Ra8 35. h4 Qc7 36. Qd2 Nb6 37. Qd3 Nc4 38. Re2 Ra3 39. Qc2
Ra8 40. Qd1 Bg3 41. Qd3 Bxf2+ 42. Rxf2 Ra3 43. Nc3 Qe7 44. Kh2 Qxb4 45. Rf3
Qd6+ 46. Kg2 b4 47. Qc2 Rxc3 48. Rxc3 bxc3 49. Qxc3 Qf4 50. Ba2 Ne3+ 0-1

[Event "38th Olympiad w"]
[Site "Dresden GER"]
[Date "2008.11.13"]
[Round "1"]
[White "Saleh,No"]
[Black "Esquivel de Leon,A"]
[Result "1-0"]
[WhiteElo "1876"]
[BlackElo "2037"]
[EventDate "2008.11.13"]

1. d4 Nf6 2. c4 c5 3. d5 d6 4. Nc3 g6 5. e4 Bg7 6. Be2 O-O 7. Nf3 Re8 8.
O-O e6 9. Qc2 exd5 10. exd5 Na6 11. a3 Nc7 12. Rb1 b5 13. b3 Rb8 14. Bg5 a6
15. Bd3 h6 16. Bh4 g5 17. Bg3 Ng4 18. Ne4 Ne5 19. Nxe5 Bxe5 20. Bxe5 Rxe5
21. f4 gxf4 22. Rxf4 Ne8 23. Rbf1 Rb7 24. Qf2 f5 25. Ng3 Qg5 26. Bxf5 Bxf5
27. Nxf5 Rd7 28. Nh4 Rg7 29. Rf8+ Kh7 30. Nf3 Qe7 31. Nxe5 dxe5 32. Qf5+
1-0

[Event "38th Olympiad w"]
[Site "Dresden GER"]
[Date "2008.11.13"]
[Round "1"]
[White "Hernandez Guerrero,Y"]
[Black "Bukhashem,F"]
[Result "1-0"]
[WhiteElo "2228"]
[BlackElo "1740"]
[EventDate "2008.11.13"]

1. d4 d5 2. Nf3 Nf6 3. g3 e6 4. Bg2 c5 5. c4 dxc4 6. Qa4+ Bd7 7. Qxc4 Qb6
8. O-O Na6 9. Nc3 cxd4 10. Qxd4 Bc5 11. Qh4 Bc6 12. Na4 Qb5 13. Nxc5 Nxc5
14. Nd4 Qb6 15. Nxc6 bxc6 16. Be3 Rb8 17. b4 Qxb4 18. Qxb4 Rxb4 19. Bxc5
Rc4 20. Bxc6+ 1-0

[Event "38th Olympiad w"]
[Site "Dresden GER"]
[Date "2008.11.13"]
[Round "1"]
[White "Hansen,Ev"]
[Black "Nekrasova,E"]
[Result "1-0"]
[WhiteElo "2169"]
[BlackElo "2091"]
[EventDate "2008.11.13"]

1. d4 d5 2. c4 dxc4 3. e3 Nf6 4. Bxc4 e6 5. Nf3 c5 6. O-O a6 7. dxc5 Qxd1
8. Rxd1 Bxc5 9. a3 b5 10. Be2 Bb7 11. b4 Be7 12. Bb2 Nbd7 13. Nbd2 O-O 14.
Nb3 Rac8 15. Rac1 Bd5 16. Nfd2 e5 17. e4 Rxc1 18. Nxc1 Be6 19. Nd3 Bd6 20.
Rc1 Ra8 21. h3 Kf8 22. f4 Bb8 23. fxe5 Ne8 24. Kf1 a5 25. bxa5 Rxa5 26. Bc3
Ra4 27. Bb4+ Rxb4 28. axb4 Nxe5 29. Nc5 Nd6 30. Nxe6+ fxe6 31. Rc5 Nd7 32.
Rc3 Ke7 33. Bd3 Ne5 34. Ke2 Kd7 35. Nb3 Ndc4 36. Nd4 Nxd3 37. Rxd3 Ne5 38.
Rc3 Bd6 39. Nxb5 Bxb4 40. Rc7+ 1-0

[Event "38th Olympiad w"]
[Site "Dresden GER"]
[Date "2008.11.13"]
[Round "1"]
[White "Jalloul,M"]
[Black "De Blecourt,S"]
[Result "1/2-1/2"]
[WhiteElo "1889"]
[BlackElo "2078"]
[EventDate "2008.11.13"]

1. e4 d5 2. exd5 Qxd5 3. Nc3 Qa5 4. Nf3 Nf6 5. Be2 c6 6. O-O g6 7. Re1 Bg7
8. d4 O-O 9. h3 Nbd7 10. Bf1 Re8 11. Bf4 Nd5 12. Nxd5 cxd5 13. c3 Nf6 14.
Ne5 Be6 15. Bd3 Nd7 16. Nf3 Nf6 17. Qb3 Qb6 18. Bb5 Bd7 19. Bxd7 Qxb3 20.
axb3 Nxd7 21. Ne5 Nxe5 22. Bxe5 Bxe5 23. Rxe5 e6 24. Kf1 a6 25. Ke2 Rad8
26. f4 f6 27. Re3 Kf7 28. Kd3 Rd6 29. Rae1 Red8 30. g4 R8d7 31. Ra1 1/2-1/2

[Event "38th Olympiad w"]
[Site "Dresden GER"]
[Date "2008.11.13"]
[Round "1"]
[White "Treppendahl,T"]
[Black "Mouradian,S"]
[Result "1-0"]
[WhiteElo "2049"]
[BlackElo "1828"]
[EventDate "2008.11.13"]

1. d4 Nf6 2. Nf3 d6 3. Bf4 g6 4. h3 Bg7 5. e3 Nbd7 6. Be2 O-O 7. c4 Nh5 8.
Bh2 c5 9. Nc3 cxd4 10. exd4 Qb6 11. Qd2 Re8 12. Nd5 Qd8 13. O-O e6 14. Nc3
Nb6 15. Nb5 Bf8 16. c5 Nd5 17. cxd6 a6 18. Nc7 Nxc7 19. dxc7 Qd5 20. Ne5
Nf6 21. Qf4 Kg7 22. Bf3 Qb5 23. g4 h6 24. g5 hxg5 25. Qxg5 Bd6 26. a4 Qxb2
27. Bf4 Ng8 28. Nxg6 fxg6 29. Bxd6 Nf6 30. Be5 Rf8 31. Be4 1-0

[Event "38th Olympiad w"]
[Site "Dresden GER"]
[Date "2008.11.13"]
[Round "1"]
[White "Umarova,S"]
[Black "Zepeda,L"]
[Result "0-1"]
[WhiteElo "1836"]
[BlackElo "2159"]
[EventDate "2008.11.13"]

1. e4 c5 2. f4 Nc6 3. Bb5 d6 4. c4 g6 5. Nf3 Bg7 6. Bxc6+ bxc6 7. O-O Nh6
8. h3 O-O 9. Nc3 f5 10. d3 Rb8 11. e5 dxe5 12. fxe5 Nf7 13. Qe2 Nxe5 14.
Bf4 Nxf3+ 15. Rxf3 Rb7 16. Re1 Qa5 17. Be5 Bxe5 18. Qxe5 Rxb2 19. d4 Qb4
20. Qxc5 Qxc5 21. dxc5 Re8 22. Nd5 cxd5 23. cxd5 Rc2 24. d6 Rxc5 25. Rd3
Bd7 26. dxe7 Rc7 27. Rd5 0-1

[Event "38th Olympiad w"]
[Site "Dresden GER"]
[Date "2008.11.13"]
[Round "1"]
[White "Zepeda,S"]
[Black "Antonova,N"]
[Result "1-0"]
[WhiteElo "2118"]
[BlackElo "1827"]
[EventDate "2008.11.13"]

1. e4 c5 2. Nf3 e6 3. d4 cxd4 4. Nxd4 Nf6 5. Bd3 Nc6 6. Nb3 Be7 7. Nc3 d5
8. exd5 Nxd5 9. Nxd5 Qxd5 10. O-O Nb4 11. Be2 O-O 12. c3 Qxd1 13. Rxd1 Nc6
14. Bf3 Rd8 15. Be3 Ne5 16. Be2 Bd7 17. f4 Ng6 18. Na5 b6 19. Nb7 Ba4 20.
Nxd8 Bxd1 21. Rxd1 Rxd8 22. Kf2 Kf8 23. g3 Bd6 24. Kf3 Ne7 25. Bc4 Nf5 26.
Bf2 Bc7 27. Rxd8+ Bxd8 28. a4 Nd6 29. Ba6 Ke7 30. g4 f6 31. Bd3 h6 32. a5
g5 33. a6 Kd7 34. b4 Bc7 35. c4 Nc8 36. f5 e5 37. Be4 Ne7 38. c5 bxc5 39.
Bxc5 Bb8 40. b5 Nc8 41. Bc6+ Kd8 42. Ke4 Ne7 43. Bb7 Kd7 44. b6 Ke8 1-0

[Event "38th Olympiad w"]
[Site "Dresden GER"]
[Date "2008.11.13"]
[Round "1"]
[White "Avelar,G"]
[Black "Odinaeva,S"]
[Result "0-1"]
[WhiteElo "2045"]
[BlackElo "1765"]
[EventDate "2008.11.13"]

1. e4 e6 2. d4 d5 3. e5 c5 4. c3 Nc6 5. Nf3 Nge7 6. Bd3 Qb6 7. Bc2 Nf5 8.
dxc5 Bxc5 9. O-O a5 10. Bxf5 exf5 11. Qxd5 Be6 12. Qd3 Rd8 13. Qe2 O-O 14.
b3 Rfe8 15. Nbd2 Bd5 16. Bb2 Ne7 17. c4 Be6 18. Ng5 Ng6 19. Nxe6 Rxe6 20.
Nf3 Nf4 21. Qc2 Rg6 22. Qxf5 Nxg2 23. Ng5 Nh4 24. Qxf7+ Kh8 25. Qf4 Rxg5+
26. Kh1 Qc6+ 27. f3 Rh5 28. Qg4 Qg6 29. Rad1 Rf8 30. Qxg6 Nxg6 31. Rd7 b6
32. e6 Ne7 33. f4 Rhf5 34. Be5 Rxe5 35. fxe5 Rxf1+ 36. Kg2 Rf8 37. Rb7 h6
38. a3 Rf5 39. b4 axb4 40. axb4 Bxb4 41. Rxb6 Bc5 42. Rb5 Rxe5 0-1

[Event "38th Olympiad w"]
[Site "Dresden GER"]
[Date "2008.11.13"]
[Round "1"]
[White "Tilenbaeva,J"]
[Black "Aguilar,F"]
[Result "1-0"]
[WhiteElo "2037"]
[BlackElo "1835"]
[EventDate "2008.11.13"]

1. e4 e6 2. d4 d5 3. exd5 exd5 4. Bd3 Nf6 5. Ne2 c5 6. dxc5 Bxc5 7. Nbc3
Nc6 8. O-O O-O 9. Bg5 Be6 10. Nf4 h6 11. Bxf6 Qxf6 12. Nfxd5 Bxd5 13. Nxd5
Qxb2 14. c3 Rad8 15. Qh5 Ne7 16. Nf6+ gxf6 17. Qxc5 Rxd3 18. Qxe7 Qxc3 19.
Qxb7 Qd4 20. Rab1 Re8 21. Qc7 Re2 22. Rb7 Qd5 23. Qc8+ Kh7 24. Rb8 h5 25.
Qh8+ Kg6 26. Rg8+ 1-0

[Event "38th Olympiad w"]
[Site "Dresden GER"]
[Date "2008.11.13"]
[Round "1"]
[White "Pulpan,O"]
[Black "Ostry,I"]
[Result "0-1"]
[WhiteElo "1682"]
[BlackElo "2183"]
[EventDate "2008.11.13"]

1. d4 Nf6 2. Nf3 g6 3. g3 Bg7 4. Bg2 O-O 5. O-O d6 6. c4 c6 7. Nc3 Bf5 8.
h3 Ne4 9. Qb3 Nxc3 10. Qxc3 Qc8 11. Kh2 Be4 12. Be3 Nd7 13. Rac1 h6 14. Qd2
g5 15. Ne1 Bxg2 16. Kxg2 e5 17. f4 exf4 18. gxf4 f6 19. f5 Qe8 20. Qd3 Qe7
21. Bg1 Rfe8 22. Rc2 a5 23. Rf3 a4 24. Kf1 Qe4 25. Qd2 Bf8 26. Ng2 b6 27.
Rcc3 d5 28. Rce3 Qb1+ 29. Kf2 Re4 30. Rxe4 Qxe4 31. b3 axb3 32. axb3 c5 33.
h4 cxd4 34. hxg5 hxg5 35. Bh2 Re8 36. cxd5 Qxd5 37. Qd3 Nc5 38. Qc4 Ne4+
39. Ke1 Qxc4 40. bxc4 Rc8 41. Rb3 Rxc4 42. Kd1 Bc5 43. Bc7 Nc3+ 44. Kd2 Nd5
45. Bg3 Ra4 46. Bf2 Ra1 47. Ne1 Bb4+ 48. Rxb4 Nxb4 49. Bxd4 Rxe1 50. Bxf6
Rf1 51. e4 g4 52. Bd4 b5 53. Ke2 Rf3 54. f6 Nc6 55. Ba1 b4 56. e5 Kf7 0-1

[Event "38th Olympiad w"]
[Site "Dresden GER"]
[Date "2008.11.13"]
[Round "1"]
[White "Sciortino,Mar"]
[Black "Shyngys Kyzy,A"]
[Result "0-1"]
[WhiteElo "2005"]
[BlackElo "1707"]
[EventDate "2008.11.13"]

1. d4 d5 2. e3 e6 3. Bd3 Bd6 4. f4 Nf6 5. Nf3 b6 6. O-O Ba6 7. c3 Bxd3 8.
Qxd3 O-O 9. Nbd2 Nbd7 10. Ne5 Qe7 11. e4 dxe4 12. Nxe4 Nxe4 13. Qxe4 Nf6
14. Qf3 c5 15. Be3 Nd5 16. Nd3 Nxe3 17. Qxe3 cxd4 18. cxd4 Rac8 19. Rac1
Qb7 20. Nf2 Qd5 21. Ne4 Be7 22. Nc3 Qd7 23. Rcd1 Rfd8 24. Qf3 Bf6 25. d5
Bxc3 26. bxc3 exd5 27. Rd3 Rc5 28. Rfd1 h6 29. Rd4 Qb5 30. c4 Rxc4 31. Rxd5
Rxd5 32. Rxd5 Rc1+ 33. Rd1 Qc5+ 34. Kf1 Rxd1+ 35. Qxd1 Qc4+ 36. Qe2 Qxf4+
37. Kg1 Qc1+ 38. Kf2 Qc5+ 39. Kf3 Qf5+ 40. Kg3 Qg6+ 41. Kh3 Qe6+ 42. Qg4
Qxa2 0-1

[Event "38th Olympiad w"]
[Site "Dresden GER"]
[Date "2008.11.13"]
[Round "1"]
[White "Vargas,Ga"]
[Black "Hamid,R"]
[Result "1-0"]
[WhiteElo "2055"]
[BlackElo "2132"]
[EventDate "2008.11.13"]

1. d4 Nf6 2. Nf3 e6 3. Bg5 d5 4. e3 c5 5. c3 Nbd7 6. Nbd2 Bd6 7. Bd3 O-O 8.
O-O h6 9. Bh4 b6 10. Re1 Qc7 11. e4 dxe4 12. Nxe4 Nxe4 13. Bxe4 Bb7 14.
Bxb7 Qxb7 15. dxc5 Bxc5 16. b4 g5 17. Bxg5 hxg5 18. bxc5 Nxc5 19. Nxg5 Kg7
20. Qg4 Kf6 21. Nh7+ Ke7 22. Qh4+ f6 23. Nxf8 Rxf8 24. Rad1 Rf7 25. Re3 Qa6
26. Qd4 Rf8 27. Qd6+ Kf7 28. Qc7+ Kg6 29. Rg3+ Kf5 30. Qh7+ Ke5 31. Re3+
1-0

[Event "38th Olympiad w"]
[Site "Dresden GER"]
[Date "2008.11.13"]
[Round "1"]
[White "Shamima,A"]
[Black "Perez,Da"]
[Result "1-0"]
[WhiteElo "2094"]
[BlackElo "1632"]
[EventDate "2008.11.13"]

1. d4 e6 2. c4 d5 3. Nc3 c5 4. cxd5 exd5 5. Nf3 Be6 6. e3 Nf6 7. Be2 Nc6 8.
O-O Be7 9. dxc5 Bxc5 10. Qa4 O-O 11. a3 Bd6 12. Rd1 Qc7 13. Nb5 Qe7 14.
Nxd6 Qxd6 15. b4 Ne5 16. Bb2 Nxf3+ 17. Bxf3 Bg4 18. Bxg4 Nxg4 19. h3 Nf6
20. Qb5 Qc6 21. Qxc6 bxc6 22. Bxf6 gxf6 23. Rac1 Rfc8 24. Rc5 Rc7 25. Rdxd5
Kf8 26. Rd6 Ke7 27. Rdxc6 Rxc6 28. Rxc6 a5 29. b5 Rb8 30. a4 h6 31. Ra6 Ra8
1-0

[Event "38th Olympiad w"]
[Site "Dresden GER"]
[Date "2008.11.13"]
[Round "1"]
[White "Rojas,Mo"]
[Black "Khan,N"]
[Result "0-1"]
[WhiteElo "1689"]
[BlackElo "1987"]
[EventDate "2008.11.13"]

1. e4 c5 2. Nf3 Nc6 3. Bb5 g6 4. c3 Bg7 5. O-O Qc7 6. d3 a6 7. Bc4 Na5 8.
Bb3 Nxb3 9. Qxb3 d6 10. Be3 Nf6 11. h3 O-O 12. Nbd2 Be6 13. Qc2 h6 14. Rfe1
Bd7 15. d4 cxd4 16. Nxd4 Bc6 17. Rad1 Nd7 18. N2f3 Rac8 19. Nxc6 bxc6 20.
Qd2 Kh7 21. Qd3 Qa5 22. a3 c5 23. Bc1 Qb6 24. Re2 c4 25. Qe3 Nc5 26. e5 Qb3
27. exd6 Qxd1+ 28. Re1 Qxd6 29. Nd4 e6 30. Qd2 Rfd8 31. Rd1 Qe7 32. Qe3 Nb3
0-1

[Event "38th Olympiad w"]
[Site "Dresden GER"]
[Date "2008.11.13"]
[Round "1"]
[White "Terao,J"]
[Black "Soondarsingh,A"]
[Result "1-0"]
[WhiteElo "2143"]
[BlackElo "1867"]
[EventDate "2008.11.13"]

1. e4 c5 2. c3 Nc6 3. d4 cxd4 4. cxd4 g6 5. Nc3 Bg7 6. Nf3 d6 7. h3 Nf6 8.
Be3 O-O 9. Qd2 Bd7 10. Be2 Rc8 11. O-O a6 12. Bg5 b5 13. Qe3 Na5 14. a3 Nc4
15. Bxc4 Rxc4 16. e5 dxe5 17. dxe5 Ne8 18. b3 Rc8 19. Nd5 f6 20. exf6 exf6
21. Bf4 Rf7 22. Rad1 Nc7 23. Nxc7 Rxc7 24. Bxc7 Qxc7 25. Nd4 Qb7 26. b4 Bf8
27. Qb3 Qe4 28. Rfe1 Qf4 29. Qd5 Bc8 30. Re8 Bd7 31. Ne6 Bxe6 32. Qxe6 Kg7
33. g3 Qc7 34. Rdd8 Re7 35. Rxe7+ Bxe7 36. Rd7 Qc1+ 37. Kg2 Kh6 38. Qxe7
Qc6+ 39. Kh2 Qf3 40. Qxh7+ Kg5 41. Qh4+ Kf5 42. Qg4+ 1-0

[Event "38th Olympiad w"]
[Site "Dresden GER"]
[Date "2008.11.13"]
[Round "1"]
[White "Chaves,Joa"]
[Black "Smith,Ja"]
[Result "1-0"]
[WhiteElo "2065"]
[BlackElo "2001"]
[EventDate "2008.11.13"]

1. e4 c5 2. Nc3 d6 3. f4 e6 4. Bb5+ Bd7 5. Bxd7+ Qxd7 6. d3 Nf6 7. Nf3 Nc6
8. O-O Be7 9. Bd2 Rc8 10. Qe1 O-O 11. Qg3 Nh5 12. Qh3 Nf6 13. Rf2 Nd4 14.
Be3 Nxf3+ 15. gxf3 e5 16. f5 d5 17. Ne2 d4 18. Bd2 Rfd8 19. b3 b6 20. Rg2
Qc6 21. Kh1 Ne8 22. Rag1 Bf6 23. Ng3 g6 24. Qg4 Kh8 25. h4 Bg7 26. h5 Rd6
27. Rh2 Rc7 28. Qh3 gxf5 29. Nxf5 Bh6 30. Qg2 Nf6 31. Bxh6 Ng8 32. Bg7+ 1-0

[Event "38th Olympiad w"]
[Site "Dresden GER"]
[Date "2008.11.13"]
[Round "1"]
[White "Al Khelaifi,S"]
[Black "Malikgulyewa,A"]
[Result "1-0"]
[WhiteElo "1707"]
[BlackElo "2051"]
[EventDate "2008.11.13"]

1. d4 f5 2. Nc3 Nf6 3. Bg5 e6 4. e4 fxe4 5. Nxe4 Be7 6. Bxf6 Bxf6 7. Nf3
O-O 8. Bd3 b6 9. Qe2 a5 10. Nxf6+ Qxf6 11. Qe4 Nc6 12. Qxh7+ Kf7 13. O-O-O
Qh6+ 14. Qxh6 gxh6 15. Rhe1 Bb7 16. Bb5 Kg8 17. Rd2 Rf5 18. Bxc6 Bxc6 19.
Ne5 Raf8 20. f3 R8f6 21. Rde2 Bb5 22. c4 Ba6 23. Nxd7 Bxc4 24. Nxf6+ Rxf6
25. Re3 c6 26. b3 Bd5 27. Kd2 Kf7 28. Rc3 Rg6 29. g3 Rf6 30. f4 h5 31. Rec1
h4 32. Rxc6 Bxc6 33. Rxc6 hxg3 34. hxg3 Rg6 35. Rc3 Kf6 36. Ke2 Kf5 37. Kf3
Rg7 38. Rc6 Rd7 39. g4+ Kf6 40. Ke4 b5 41. Rb6 b4 42. Ra6 Rd5 43. f5 Rd6
1-0

[Event "38th Olympiad w"]
[Site "Dresden GER"]
[Date "2008.11.13"]
[Round "1"]
[White "Al Khelaifi,A"]
[Black "Isaeva,Ak"]
[Result "1-0"]
[WhiteElo "1640"]
[BlackElo "2063"]
[EventDate "2008.11.13"]

1. e4 c5 2. b3 Nc6 3. Bb2 d6 4. Nc3 Nf6 5. Bb5 Bd7 6. d3 Nd4 7. Bxd7+ Qxd7
8. h3 e6 9. Nge2 Be7 10. O-O O-O 11. f4 Rac8 12. Ng3 d5 13. e5 Ne8 14. Nce2
Nxe2+ 15. Qxe2 Bh4 16. Nh5 Bd8 17. Qg4 f5 18. exf6 Nxf6 19. Nxf6+ Bxf6 20.
Bxf6 Rxf6 21. Rae1 c4 22. dxc4 dxc4 23. Rd1 Qe7 24. Rd2 cxb3 25. cxb3 Qc5+
26. Kh2 Qc7 27. g3 Rd8 28. Rfd1 Rxd2+ 29. Rxd2 Qa5 30. Qe2 Qb6 31. Qd3 Rf8
32. Qd6 Qe3 33. Qd4 Qxd4 34. Rxd4 Rc8 35. Rd2 Kf7 36. Kg2 Kf6 37. g4 Rc7
38. Re2 Rc3 39. h4 h6 40. Kf2 h5 41. gxh5 Rh3 42. Re5 Rxh4 43. Kg3 Rh1 44.
Ra5 a6 45. a3 Rd1 46. b4 Rd6 47. a4 Rd3+ 48. Kg4 Rd4 49. b5 e5 50. bxa6
Rxf4+ 51. Kg3 b6 52. a7 bxa5 53. a8=Q 1-0

[Event "38th Olympiad w"]
[Site "Dresden GER"]
[Date "2008.11.13"]
[Round "1"]
[White "Zsiltzova Lisenko,L"]
[Black "Gonzalez,Yar"]
[Result "1-0"]
[WhiteElo "2265"]
[BlackElo "1912"]
[EventDate "2008.11.13"]

1. e4 e5 2. Nf3 Nc6 3. Bb5 d6 4. O-O Nf6 5. Re1 Be7 6. c3 O-O 7. h3 Bd7 8.
d4 exd4 9. cxd4 d5 10. exd5 Nxd5 11. Nc3 Nxc3 12. bxc3 a6 13. Bd3 Bf6 14.
Qc2 g6 15. Bf4 Ne7 16. Ne5 Bf5 17. Ng4 Bxg4 18. hxg4 Nd5 19. Bg3 Qd7 20.
Be4 c6 21. Bf3 Rfe8 22. Qb3 Bg5 23. c4 Nf6 24. d5 cxd5 25. cxd5 b5 26. d6
Rxe1+ 27. Rxe1 Re8 28. Rxe8+ Qxe8 29. Qd1 Qd7 30. Qd4 Ne8 31. Qb6 Qc8 32.
Qc6 Qxc6 33. Bxc6 Ng7 34. d7 Bd8 35. Bd6 Ne6 36. g3 Kg7 37. f4 Nc7 38. Be5+
Kf8 39. Bd6+ Kg7 40. g5 Ne6 41. Kg2 h6 42. gxh6+ Kxh6 43. Bd5 Kg7 44. Kf3
Nf8 45. Bc6 Ne6 46. Ke4 Nc7 47. Bb7 a5 48. Bc6 b4 49. Ba4 Kf6 50. Kd4 Ne6+
51. Kd5 Nc7+ 52. Kc6 Ne6 53. Kb7 Nd4 54. Be5+ 1-0

[Event "38th Olympiad w"]
[Site "Dresden GER"]
[Date "2008.11.13"]
[Round "1"]
[White "Nakagawa,E"]
[Black "Ptacnikova,L"]
[Result "0-1"]
[WhiteElo "1860"]
[BlackElo "2237"]
[EventDate "2008.11.13"]

1. d4 d5 2. c4 dxc4 3. Na3 e6 4. Nxc4 Nf6 5. e3 c5 6. Nf3 Be7 7. Be2 O-O 8.
O-O Nc6 9. b3 cxd4 10. Nxd4 Nxd4 11. exd4 b6 12. Bf3 Nd5 13. Bb2 Bb7 14.
Ba3 Bxa3 15. Nxa3 Nc3 16. Qd3 Bxf3 17. Qxc3 Bd5 18. Qe3 Rc8 19. Rac1 Bc6
20. Rfd1 Qd5 21. Qg3 Rfd8 22. Nc4 Bb5 23. Qe5 Bxc4 24. bxc4 Rxc4 25. Qxd5
exd5 26. Kf1 Kf8 27. Ke2 Rdc8 28. Rb1 Rc2+ 29. Rd2 R8c4 30. Rbd1 Ke7 31.
Kd3 R4c3+ 32. Ke2 Kd6 33. Rb1 Rc4 34. Rbd1 Kc6 35. Kd3 R4c3+ 36. Ke2 Kb5
37. Rb1+ Kc4 38. Rbd1 b5 39. Rb1 b4 40. Rb2 Rxb2 41. Rxb2 a5 42. Rd2 a4 43.
Rb2 a3 44. Rd2 b3 45. axb3+ Kxb3 46. Rd1 a2 47. Kd2 Rc2+ 48. Ke3 Kb2 49.
Kd3 Rxf2 0-1

[Event "38th Olympiad w"]
[Site "Dresden GER"]
[Date "2008.11.13"]
[Round "1"]
[White "Thorsteinsdottir,H"]
[Black "Uchida,N"]
[Result "1/2-1/2"]
[WhiteElo "1915"]
[BlackElo "1822"]
[EventDate "2008.11.13"]

1. e4 e5 2. Nf3 Nc6 3. Bc4 Nf6 4. d3 Be7 5. O-O d6 6. c3 O-O 7. Bb3 Be6 8.
Nbd2 d5 9. exd5 Bxd5 10. Re1 Bd6 11. Nc4 Re8 12. Bg5 h6 13. Bh4 Qe7 14. d4
Bxc4 15. Bxc4 Rad8 16. Bb5 e4 17. Bxc6 bxc6 18. Bxf6 Qxf6 19. Nd2 Qg6 20.
Qc2 f5 21. b3 Qg5 22. Rad1 Re6 23. Nc4 Rg6 24. g3 h5 25. Nxd6 cxd6 26. Qd2
Qg4 27. Qe2 d5 28. Qxg4 Rxg4 29. c4 Kf7 30. Kg2 Ke6 31. f3 Rg6 32. Kf2 Rf6
33. Re3 g5 34. cxd5+ cxd5 35. Rc1 Kd6 36. Rec3 Ke7 37. Rc7+ Rd7 38. Rc8 Rf8
39. R8c7 Rfd8 40. R7c6 Rd6 41. Rc7+ R8d7 42. Rc8 Rd8 43. R8c7+ 1/2-1/2

[Event "38th Olympiad w"]
[Site "Dresden GER"]
[Date "2008.11.13"]
[Round "1"]
[White "Perez,En"]
[Black "Yueh, Elsa Wei Chung"]
[Result "1/2-1/2"]
[WhiteElo "2097"]
[BlackElo "1612"]
[EventDate "2008.11.13"]

1. d4 Nf6 2. e3 g6 3. f4 d6 4. Nf3 Bg7 5. Bc4 O-O 6. O-O Nbd7 7. c3 Ne4 8.
Nbd2 Nxd2 9. Bxd2 Nf6 10. Qb3 e6 11. Be1 b6 12. Bh4 Bb7 13. Rae1 Qd7 14.
Nd2 Ne4 15. Nxe4 Bxe4 16. Be2 f5 17. Bf3 Bxf3 18. Rxf3 d5 19. Rf2 Rf7 20.
Rc1 Bf8 21. Qd1 Qb5 22. g4 c5 23. Rg2 Be7 24. Bxe7 Rxe7 25. Qf3 Rg7 26. c4
fxg4 27. Qxg4 Qd7 28. cxd5 Qxd5 29. dxc5 Rc8 30. Rd1 Qe4 31. Qe2 bxc5 32.
Qd3 Qf5 33. Qa6 Rgc7 34. Qc4 Kf7 35. Rg5 Qh3 36. Rg3 Qf5 37. e4 Qh5 38. Rd6
Re7 39. Qc3 Qe2 40. e5 Qe4 41. Qd3 Qe1+ 42. Kg2 Qb4 43. b3 Rcc7 44. Rh3 Kg7
45. Qg3 Qe4+ 46. Qf3 Qc2+ 47. Qf2 Qe4+ 48. Rf3 Qf5 49. Qe2 Rf7 50. h3 Rfe7
51. Qc4 Kf7 52. Rf2 Qb1 53. Rc2 Qe1 54. Rd8 Red7 55. Rxd7+ Rxd7 56. Qe2 Qb4
57. Qf2 Rd4 58. Qe3 Rxf4 59. Rxc5 Qb7+ 60. Kg3 Rf5 61. Qc3 Rg5+ 62. Kf4
Rf5+ 63. Kg3 Rg5+ 1/2-1/2

[Event "38th Olympiad w"]
[Site "Dresden GER"]
[Date "2008.11.13"]
[Round "1"]
[White "Chen I Chen"]
[Black "De la Cruz,M"]
[Result "0-1"]
[WhiteElo "1725"]
[BlackElo "2045"]
[EventDate "2008.11.13"]

1. e4 c5 2. Nf3 e6 3. d4 cxd4 4. Nxd4 a6 5. Bd3 Qc7 6. O-O Nf6 7. Bg5 Be7
8. Nc3 d6 9. Kh1 Nc6 10. Nb3 b5 11. a3 Bb7 12. Be3 Ne5 13. f3 Nxd3 14. cxd3
O-O 15. Rc1 Qd8 16. Ne2 Rc8 17. Qd2 Qd7 18. d4 h6 19. Nf4 Rfe8 20. Rxc8
Rxc8 21. Rc1 Rxc1+ 22. Qxc1 Bd8 23. Kg1 Bc7 24. Ne2 Bd8 25. Bd2 Bc7 26. Na5
Ba8 27. Nb3 Qd8 28. Nc3 Nd7 29. Qe1 Nb6 30. Nb1 Nc4 31. Bc1 Bb6 32. N1d2 e5
33. Kf1 exd4 34. Nxc4 bxc4 35. Nd2 Qc7 36. Qg3 Kh7 37. Nb1 c3 38. bxc3 dxc3
39. Qe1 Qc4+ 40. Qe2 Qc5 41. Be3 c2 0-1